| 000 | 00626nam a2200229Ia 4500 | ||
|---|---|---|---|
| 003 | 0100 | ||
| 008 | 130307s9999 xx 000 0 und d | ||
| 040 | _cARRUPELIB | ||
| 050 | _aLA11.B8 1955 | ||
| 100 | _aButts, R. Freeman | ||
| 245 | 2 | _aA cultural history of western education | |
| 245 | _bits social and intellectual foundations | ||
| 250 | _a2nd | ||
| 260 | _aNew York | ||
| 260 | _bMcGraw-Hill Book Co., Inc. | ||
| 260 | _c1955 | ||
| 650 | _aEDUCATION | ||
| 650 | _bCatholic church--Relations--Congresses | ||
| 650 | _cChristian union--Congresses | ||
| 650 | _dEcumenical movement--Congresses | ||
| 942 | 0 | 0 | _03 |
| 999 |
_c99507 _d99507 |
||